00863nam a2200217 a 450000100100000000500170001000800410002702000150006804000250008308200160010810000270012424000580015124501330020926000390034230000350038150000270041670000270044370000440047095201140051499900170062800003703620200930080111.0120209s1976 sp 000 0 spa d a8430906495 aDO-SdBNPbspacBNPHU axxxxbW549T1 aWeymouth, Lally96344410aThomas Jefferson, the man... his influencelEspañol10aThomas Jefferson :bel hombre...su mundo...su influencia /cdirigido por Lally Weymouth ; traducido por Jose Belloch Zimmermann. aMadrid :bEditorial Tecnos,c1976. a279 p. :bils.,retr. ;c24 cm. atraducido del inglés1 aWeymouth, Lally9634441 aBelloch Zimmermann, José,etr.963445 001050718MOaGRbGRcCTd2012-02-09iLF1l0oxxxx W549Tp37036-10r2020-06-25w2020-06-25y1ZNo se presta c36526d36526